Normal view
MARC view
- اعداد: مركز الخبرات المهنية اللادارة بميك؛المستشار:عبدالرحمن توفيق
Entry Personal Name
001 - CONTROL NUMBER
- control field: 32247
003 - CONTROL NUMBER IDENTIFIER
- control field: JO-AjAnu
005 - DATE AND TIME OF LATEST TRANSACTION
- control field: 20230606075424.0
008 - FIXED-LENGTH DATA ELEMENTS
- fixed length control field: 230606|| aca||aabn | a|a d
040 ## - CATALOGING SOURCE
- Original cataloging agency: JO-AjAnu
- Transcribing agency: JO-AjAnu
100 ## - HEADING--PERSONAL NAME
- Personal name: اعداد: مركز الخبرات المهنية اللادارة بميك؛المستشار:عبدالرحمن توفيق
670 ## - SOURCE DATA FOUND
- Source citation: Work cat.: (JO-AjAnu)16563: اعداد: مركز الخبرات المهنية اللادارة بميك؛المستشار:عبدالرحمن توفيق, author, اعداد الموازنات التخطيطية للمنشآت الفندقية